| 000 | 01522cam a22003011 4500 | ||
|---|---|---|---|
| 001 | ne 68000387 | ||
| 003 | DLC | ||
| 005 | 20260227111837.0 | ||
| 008 | 890109s1966 ua 100 0 ara | ||
| 010 | _ane 68000387 | ||
| 035 | _a(OCoLC)18986695 | ||
| 040 |
_aDLC _cTxU _dTxU _dDLC |
||
| 042 | _apremarc | ||
| 050 | 0 | 0 |
_aLB15 _b.M83 1963 |
| 111 | 2 |
_aMuʼtamar Muṣṭalaḥāt al-Tarbiyah wa-ʻIlm al-Nafs _d(1963 : _cCairo, Egypt) |
|
| 245 | 1 | 0 | _aMuʼtamar Muṣṭalaḥāt al-Tarbiyah wa-ʻIlm al-Nafs, al-munʻaqad bi-al-Qāhirah fī al-fatrah min 26-30 min Māyū sanat 1963. |
| 260 |
_aal-Qāhirah, _c1966. |
||
| 300 |
_a23, 32 p. _c24 cm. |
||
| 490 | 0 |
_aMaṭbūʻāt al-Majlis al-Aʻlá li-Riʻāyat al-ʻUlūm wa-al-Funūn wa-al-Ādāb [sic] al-Ijtimāʻīyah ; _v79. _aMaʻājim, _v3 |
|
| 500 | _aAt head of title: al-Jumhūrīyah al-ʻArabīyah al-Muttaḥidah. al-Majlis al-Aʻlá li-Riʻāyat al-Funūn wa-al-Ādāb wa-al-ʻUlūm al-Ijtimāʻīyah. Lajnat al-Tarbiyah wa-ʻIlm al-Nafs. | ||
| 500 | _aAdded t.p.: Conference on the Technical Terms of Education & Psychology. | ||
| 500 | _aIncludes English-Arabic glossaries. | ||
| 650 | 0 |
_aEducation _xTerminology. |
|
| 650 | 0 |
_aPsychology _xTerminology. |
|
| 650 | 0 |
_aArabic language _xGlossaries, vocabularies, etc. |
|
| 710 | 1 |
_aEgypt. _bMajlis al-Aʻlá li-Riʻāyat al-Funūn wa-al-Ādāb wa-al-ʻUlūm al-Ijtimāʻīyah. |
|
| 830 | 0 |
_aMaʻājim al-Majlis al-Aʻlá li-Riʻāyat al-ʻUlūm wa-al-Funūn wa-al-Ādāb [sic] al-Ijtimāʻīyah ; _v3. |
|
| 999 |
_c50020 _d50020 |
||